000 00668nam a22002057a 4500
005 20150108124701.0
010 _aENG-111529
020 _c9788189923396
_a375.00
035 _aEN-95061
037 _bDBAD/PUB
082 _a000
100 _aMehta,Ashok
245 _aNew light's bank specialist officers common written examination (CWE) /
_cby Ashok Mehta, Manish Arora [and] S.L.Gulati
260 _aNew Delhi
_bNew Light Publishers
_c2015
270 _aB-8,Rattan Jyoti,18,Rajendra Place
_bNew Delhi
_e110008
300 _avarious pagings
_c28cm(pbk)
_bill.
700 _dArora,Manish
700 _dGulati,S.L.
942 _2ddc
_cEN
_mMEH
_h000
999 _c90599
_d90599